| 000 | 00885nam a22002537a 4500 | ||
|---|---|---|---|
| 008 | 130821s2012 xxuab gr eng | ||
| 020 | _a0073530026 | ||
| 020 | _a9780073530024 | ||
| 040 |
_aCO-BoUCM _cAngélica Rojas _dAldemar Mondragón _bspa |
||
| 041 | 0 | 0 | _aeng |
| 100 | 1 |
_aLevy, Michael _d1950- _934060 |
|
| 245 | 1 | 0 |
_aRetailing management _cMichael Levy, Barton A. Weitz |
| 250 | _a8th ed | ||
| 260 |
_aNueva York (Estados Unidos) _bMcGraw-Hill/Irwin _c2012 |
||
| 300 |
_axxvii, 675 páginas _bilustraciones, mapas a color |
||
| 504 | _aIncluye referencias bibliográficas e índices | ||
| 650 | 7 |
_aAdministración de ventas _98582 |
|
| 650 | 7 |
_aMercadeo _919305 |
|
| 650 | 7 |
_aVentas _926141 |
|
| 690 |
_aAdministración de empresas _9435 |
||
| 700 | 1 |
_aWeitz, Barton A. _934061 |
|
| 942 |
_cLIBRO _a16 _e8 _mL668r _2DEWEY _h658.87 |
||
| 999 |
_c165258 _d165258 |
||